An outline of set theory
Αποθηκεύτηκε σε:
| Κύριος συγγραφέας: | |
|---|---|
| Μορφή: | Βιβλίο |
| Γλώσσα: | English |
| Δημοσίευση: |
New York, Berlin :
Springer-Verlag,
c1986.
|
| Σειρά: | Problem books in mathematics
|
| Θέματα: | |
| Ετικέτες: |
Προσθήκη ετικέτας
Δεν υπάρχουν, Καταχωρήστε ετικέτα πρώτοι!
|
MARC
| LEADER | 00000cam a2200000 a 4500 | ||
|---|---|---|---|
| 001 | 1/108199 | ||
| 008 | 150827s1986####us | ||| |||| ||eng|| | ||
| 020 | |a 0387963685 | ||
| 040 | |a GR-MyUa |b gre |c GR-MyUa |e AACR2 | ||
| 041 | 0 | |a eng | |
| 082 | 7 | |a 511.322 |2 (23) | |
| 100 | 1 | |a Henle, James M. | |
| 245 | 1 | 2 | |a An outline of set theory / |c James M. Henle. |
| 260 | |a New York, Berlin : |b Springer-Verlag, |c c1986. | ||
| 300 | |a viii, 145 σ. ; |c 24 εκ. | ||
| 490 | 1 | |a (Problem books in mathematics) | |
| 650 | 0 | |a Set theory. | |
| 650 | 0 | |a Logic, Symbolic and mathematical. | |
| 830 | 0 | |a Problem books in mathematics | |
| 852 | |a INST |b SAMOS |e 20150827 |h 511.322 HEN |p 005300042552 |q 005300042552 |t BK |y 0 | ||
| 970 | |a Γουβάλα |b Βάσω |z 27-08-2015 | ||